| 000 | 00738nam a22002657a 4500 | ||
|---|---|---|---|
| 001 | BR6006863 | ||
| 003 | BR-BrBNA | ||
| 005 | 20230928095645.0 | ||
| 007 | ta | ||
| 008 | 230509b bl.||||| |||| 00| 0 por d | ||
| 040 |
_aBR-BrBNA _bpor _cBiblioteca Nacional de Agricultura |
||
| 041 | _a(Por) | ||
| 072 | _aF28; E10 | ||
| 090 | _ F28 BR6006863 | ||
| 110 | 1 |
_aCompanhia de Desenvolvimento do Estado de Goias, Goiania (Brasil) _92350 |
|
| 245 | 1 | _aProjeto conservacao do solo e da agua | |
| 260 | 3 |
_aGoiania, GO (Brasil): _c[nd]. |
|
| 300 | _a58 p. | ||
| 500 | _aPublished 1971? | ||
| 650 | _aConservacao do Solo | ||
| 650 | _aAgua | ||
| 650 | _aPreservacao da Natureza | ||
| 909 |
_a202309 _bLucia _c55 _dLucia Elande |
||
| 942 | _cBK | ||
| 999 |
_c57909 _d57909 |
||